000 00800nam0a22002531 4500
001 rc\273053
005 20250621005754.0
010 _a5-7055-1273-2
_92000
035 _a(NLR Aleph) 005487755
090 _a5174682
_c5174682
100 _a20030307d1990 |||y0rusy50 ca
101 0 _arus
102 _aRU
105 _ay |||||||||
200 1 _aДевалась истина куда-то...
_eСтихи
_fВладимир Ленцов
210 _aМ.
_cСтолица
_d1990
215 _a63, [1] с.
_d15
225 1 _aРекламная библиотечка поэзии
_iТретья серия
700 1 _aЛенцов
_bВ.А.
_f1935-
_gВладимир Андреевич
801 0 _aRU
_bNLR
_gpsbo
801 1 _aRU
_bELAR
_2rusmarc
852 _aNLR
_j90-1/250
942 _cBOOK
980 _aNB